| 000 | 00000nam 2200000zi 4500 |
| 001 | 9.947031 |
| 003 | CaOODSP |
| 005 | 20250127132251 |
| 006 | m o d f |
| 007 | cr mn||||||||| |
| 008 | 250117t20252025quca ob f000 0 eng d |
| 020 | |a9780660752938 |
| 040 | |aCaOODSP|beng|erda|cCaOODSP |
| 043 | |an-cn--- |
| 086 | 1 |aEn4-461/2-2025E-PDF |
| 245 | 00|aFederal offset protocol : |breducing greenhouse gas emissions from refrigeration systems. |
| 246 | 17|aReducing greenhouse gas emissions from refrigeration systems, version 1.2 |
| 250 | |aVersion 1.2. |
| 264 | 1|aGatineau Quebec : |bEnvironment and Climate Change Canada = Environnement et changement climatique Canada, |cJanuary 2025. |
| 264 | 4|c©2025 |
| 300 | |a1 online resource (vi, 24 pages) : |billustrations |
| 336 | |atext|btxt|2rdacontent |
| 337 | |acomputer|bc|2rdamedia |
| 338 | |aonline resource|bcr|2rdacarrier |
| 500 | |aCover title. |
| 500 | |aOn cover: Canada's Greenhouse Gas Offset Credit System. |
| 500 | |aIssued also in French under title: Protocole fédéral de crédits compensatoires : réduction des émissions de gaz à effet de serre provenant des systèmes de réfrigération. |
| 504 | |aIncludes bibliographical references. |
| 520 | |a"Emissions of hydrofluorocarbons (HFCs) from commercial and industrial refrigeration and air conditioning systems are caused by releases during equipment installation, when charging equipment with refrigerant, either initially or when re-filling (top-up), and leaks from equipment operations. Lowering the global warming potential (GWP) of refrigerants used in these systems in Canada ensures that the associated impacts on climate change from unavoidable equipment leaks are minimized to the extent possible. The Reducing Greenhouse Gas Emissions from Refrigeration Systems federal offset protocol is intended for use by a proponent undertaking a project to transition away from refrigerants with high-GWP values in their commercial and industrial refrigeration or air conditioning systems, in order to generate greenhouse gas (GHG) emission reductions for which federal offset credits may be issued under the Canadian Greenhouse Gas Offset Credit System Regulations--Introduction, page 1. |
| 650 | 0|aRefrigerants|xEnvironmental aspects|zCanada. |
| 650 | 0|aFluorohydrocarbons|xEnvironmental aspects|zCanada. |
| 650 | 0|aGreenhouse gas mitigation|zCanada. |
| 710 | 1 |aCanada. |bEnvironment and Climate Change Canada, |eissuing body. |
| 775 | 08|tProtocole fédéral de crédits compensatoires : |w(CaOODSP)9.947032 |
| 795 | |tFederal offset protocol : |bversion 1.1|w(CaOODSP)9.929657 |
| 856 | 40|qPDF|s494 KB|uhttps://publications.gc.ca/collections/collection_2025/eccc/en4/En4-461-2-2025-eng.pdf |
| 986 | |aEC24060 |